Statistics for Name these People - Weekly #5

Click here to take the quiz!

General Stats

  • This quiz has been taken 55 times
  • The average score is 10 of 20

Answer Stats

Answer% Correct
Nelson Mandela
96%
Usain Bolt
90%
Nikola Tesla
81%
Celine Dion
75%
Steve Rogers
73%
Billie Jean King
63%
Gerald Ford
63%
Ho Chi Minh
63%
Catherine the Great
60%
Edmund Hillary
54%
Agatha Christie
52%
Rick Astley
52%
Gary Oldman
44%
Danica Patrick
31%
Alan Sugar
29%
Jo Brand
25%
Sean Lock
23%
Tessa Thompson
17%
Helen Clark
8%
jacksfilms
8%

Score Distribution

Percentile by Number Answered

Percent of People with Each Score

Your Score History

You have not taken this quiz